[Event "XII. Karnevalsopen"]
[Site "Solingen"]
[Date "2023.02.17"]
[Round "1.27"]
[White "Speck, Stefan"]
[Black "Fetahovic, Sarah"]
[Result "1-0"]
[WhiteElo "1837"]
[BlackElo "1342"]
[PlyCount "67"]
[EventDate "2023.??.??"]
[EventType "swiss"]
[EventRounds "5"]
[EventCountry "GER"]

1. e4 e5 2. Nf3 Nc6 3. Nc3 Nf6 4. d4 exd4 5. Nxd4 Bb4 6. Nxc6 bxc6 7. Bd3 O-O 8. O-O h6 9. e5 Bxc3 10. bxc3 Nd5 11. Qe1 Re8 12. Qe4 Nf6 13. Qf4 Nh5 14. Qe4 Nf6 15. Qd4 Nh7 16. c4 d6 17. Bb2 c5 18. Qe4 Rb8 19. Qxh7+ Kf8 20. Qh8+ Ke7 21. exd6+ Kxd6 22. Qxg7 Rg8 23. Qe5+ Kc6 24. Be4+ Kb6 25. Rab1 Ka6 26. Qxc5 Qd6 27. Qxd6+ cxd6 28. Bd4 Rxb1 29. Rxb1 Rg4 30. f3 Rg8 31. Rb3 Ka5 32. c3 Bd7 33. Ra3+ Ba4 34. Bc6 1-0

[Event "XII. Karnevalsopen"]
[Site "Solingen"]
[Date "2023.02.17"]
[Round "1.28"]
[White "Goerzen, Lina"]
[Black "Atali, Dogukan"]
[Result "0-1"]
[WhiteElo "1342"]
[BlackElo "1829"]
[PlyCount "48"]
[EventDate "2023.??.??"]
[EventType "swiss"]
[EventRounds "5"]
[EventCountry "GER"]

1. e4 e6 2. d4 d5 3. Nd2 c5 4. exd5 Qxd5 5. dxc5 Nf6 6. Ngf3 Bxc5 7. Bc4 Qc6 8. O-O Nbd7 9. b3 b5 10. Bd3 Bb7 11. Bb2 O-O 12. Qe2 a6 13. c4 b4 14. Rfe1 Qb6 15. Rad1 Rad8 16. h3 Rfe8 17. Bb1 Nh5 18. Ne4 Bxe4 19. Bxe4 f5 20. Bb1 Ng3 21. Qc2 Nf6 22. Bxf6 gxf6 23. Qb2 Kf7 24. Rd2 {(=)} e5 0-1

[Event "XII. Karnevalsopen"]
[Site "Solingen"]
[Date "2023.02.17"]
[Round "1.29"]
[White "Kock, Sebastian"]
[Black "Neumair, Dorian"]
[Result "1-0"]
[WhiteElo "1824"]
[BlackElo "1328"]
[PlyCount "53"]
[EventDate "2023.??.??"]
[EventType "swiss"]
[EventRounds "5"]
[EventCountry "GER"]

1. d4 d5 2. c4 e6 3. Nc3 Nf6 4. cxd5 exd5 5. Bg5 Bb4 6. a3 Bxc3+ 7. bxc3 Bf5 8. Qb3 b6 9. Nf3 Qd6 10. e3 Nbd7 11. Bf4 Qc6 12. Bb5 Qb7 13. Ne5 Qc8 14. Bc6 Rb8 15. O-O O-O 16. Bxd5 Nxd5 17. Qxd5 Nxe5 18. Bxe5 Rd8 19. Qf3 Bg6 20. h4 h5 21. Qg3 Rb7 22. f4 Qf5 23. e4 Qxe4 24. f5 f6 25. Bxf6 gxf6 26. Qxg6+ Kf8 27. Qxf6+ 1-0

[Event "XII. Karnevalsopen"]
[Site "Solingen"]
[Date "2023.02.17"]
[Round "1.30"]
[White "Fodor, Bernhard"]
[Black "Pfaar, Zeno"]
[Result "0-1"]
[WhiteElo "1307"]
[BlackElo "1814"]
[PlyCount "76"]
[EventDate "2023.??.??"]
[EventType "swiss"]
[EventRounds "5"]
[EventCountry "GER"]

1. f4 e5 2. Nf3 e4 3. Ng5 d5 4. g3 h6 5. Nxf7 Kxf7 6. d3 Nf6 7. Bg2 Bc5 8. c3 h5 9. d4 Bd6 10. Qb3 c6 11. h4 Qd7 12. Bh3 Qe8 13. Be3 b6 14. Nd2 Bxh3 15. Rxh3 Qe6 16. Rh1 Qg4 17. Nf1 Nbd7 18. Qc2 Rhe8 19. O-O-O Nf8 20. Bf2 Qc8 21. Ne3 Ng4 22. Bg1 Nxe3 23. Bxe3 Nh7 24. Bg1 Nf6 25. e3 a5 26. Rd2 b5 27. Rg2 Qa6 28. Qd1 b4 29. g4 Nxg4 30. Rxg4 hxg4 31. Qxg4 Qf1+ 32. Kd2 Qd3+ 33. Ke1 bxc3 34. bxc3 Rab8 35. Qd7+ Kg8 36. Qxc6 Rb1+ 37. Kf2 Qf1+ 38. Kg3 Qf3+ 0-1

[Event "XII. Karnevalsopen"]
[Site "Solingen"]
[Date "2023.02.17"]
[Round "1.31"]
[White "Linke, Marius"]
[Black "Kuberczyk, Samuel"]
[Result "1/2-1/2"]
[WhiteElo "1796"]
[BlackElo "1269"]
[PlyCount "61"]
[EventDate "2023.??.??"]
[EventType "swiss"]
[EventRounds "5"]
[EventCountry "GER"]

1. d4 d5 2. c4 e6 3. Nc3 Nf6 4. Bg5 Be7 5. e3 Nbd7 6. Nf3 c5 7. cxd5 Nxd5 8. Bxe7 Nxc3 9. Bxd8 Nxd1 10. Rxd1 Kxd8 11. dxc5 Ke7 12. Rc1 Nf6 13. Bd3 Rd8 14. Ke2 Bd7 15. Ne5 Be8 16. c6 Nd5 17. Be4 f6 18. cxb7 Rab8 19. Nc6+ Bxc6 20. Rxc6 Rxb7 21. Rc2 Rbd7 22. a3 f5 23. Bxd5 Rxd5 24. Rhc1 Kf6 25. f4 a5 26. b4 Rd3 27. Rc3 Rd2+ 28. Kf3 axb4 29. axb4 Rb2 30. R1c2 Rxb4 31. h3 1/2-1/2

[Event "XII. Karnevalsopen"]
[Site "Solingen"]
[Date "2023.02.17"]
[Round "1.32"]
[White "Fuelber, Dirk"]
[Black "Peschges, Paul"]
[Result "0-1"]
[WhiteElo "1229"]
[BlackElo "1773"]
[PlyCount "74"]
[EventDate "2023.??.??"]
[EventType "swiss"]
[EventRounds "5"]
[EventCountry "GER"]

1. d4 d5 2. c4 e6 3. Nc3 Nf6 4. Qc2 Be7 5. Nf3 O-O 6. e3 c5 7. a3 Nc6 8. b3 b6 9. Be2 cxd4 10. exd4 dxc4 11. Be3 cxb3 12. Qxb3 Bb7 13. O-O Rc8 14. Rac1 Na5 15. Qb2 Nd5 16. Nxd5 Qxd5 17. Rxc8 Rxc8 18. a4 Nc4 19. Bxc4 Rxc4 20. Qb5 Qxb5 21. axb5 Rb4 22. h3 Rxb5 23. Rc1 Bd6 24. Nd2 Kf8 25. Nc4 Bb8 26. Kf1 Ba6 27. Ke1 Rd5 28. g3 f6 29. Nd2 Ke7 30. Nb3 Rd7 31. Nc5 bxc5 32. dxc5 Bb5 33. Rb1 a6 34. Rc1 Bc7 35. Bd2 Rd5 36. c6 Re5+ 37. Be3 Ba5+ 0-1

[Event "XII. Karnevalsopen"]
[Site "Solingen"]
[Date "2023.02.17"]
[Round "1.33"]
[White "Maenken, Merlin"]
[Black "Pernizki, Max"]
[Result "1-0"]
[WhiteElo "1768"]
[BlackElo "1208"]
[PlyCount "85"]
[EventDate "2023.??.??"]
[EventType "swiss"]
[EventRounds "5"]
[EventCountry "GER"]

1. d4 Nf6 2. c4 e6 3. Nf3 Bb4+ 4. Bd2 Bxd2+ 5. Qxd2 O-O 6. Nc3 d5 7. e3 Nc6 8. cxd5 exd5 9. Bd3 h6 10. h3 Re8 11. a3 a5 12. O-O Ne4 13. Qc2 Bf5 14. Nd2 Nxd2 15. Qxd2 Qg5 16. Bxf5 Qxf5 17. Rfc1 Re6 18. Qc2 Qh5 19. Qb3 Ne7 20. Qxb7 Rc8 21. Qb5 Rg6 22. Ne2 Rb6 23. Qd3 Rxb2 24. Nf4 Qh4 25. g3 Qf6 26. Qc3 Qb6 27. Qc5 g5 28. Nd3 Qxc5 29. Rxc5 Rd2 30. Ne5 Kf8 31. Rxa5 Rc2 32. Rc5 Rxc5 33. Nd7+ Ke8 34. Nxc5 Ra8 35. a4 Nc6 36. Rb1 Kd8 37. Kg2 h5 38. Kf3 Nb8 39. h4 f6 40. hxg5 Nd7 41. gxf6 Nxc5 42. dxc5 Ke8 43. Rb7 1-0

[Event "XII. Karnevalsopen"]
[Site "Solingen"]
[Date "2023.02.17"]
[Round "1.34"]
[White "Huettner, Moritz"]
[Black "Schmidt, Sebastian"]
[Result "0-1"]
[WhiteElo "1187"]
[BlackElo "1761"]
[PlyCount "100"]
[EventDate "2023.??.??"]
[EventType "swiss"]
[EventRounds "5"]
[EventCountry "GER"]

1. d4 Nf6 2. Bf4 d5 3. Nf3 e6 4. e3 Bd6 5. Bg3 c5 6. c3 Qc7 7. Bd3 Nbd7 8. Nbd2 O-O 9. Bxd6 Qxd6 10. O-O e5 11. dxe5 Nxe5 12. Nxe5 Qxe5 13. Nf3 Qd6 14. Re1 Re8 15. c4 Bg4 16. cxd5 Qxd5 17. e4 Qh5 18. h3 Bxf3 19. Qxf3 Qxf3 20. gxf3 Nh5 21. Bc4 Nf4 22. Kh2 Rad8 23. Rad1 a6 24. Kg3 Nh5+ 25. Kh2 Kf8 26. Bd5 Re7 27. Bc4 Red7 28. Rxd7 Rxd7 29. Bd5 b6 30. Rd1 Nf4 31. Bb3 Rxd1 32. Bxd1 Nd3 33. Be2 Nxb2 34. Bxa6 c4 35. Bxc4 Nxc4 36. Kg3 b5 37. Kf4 b4 38. e5 Nd2 39. Ke3 Nb1 40. Kd3 Nc3 41. Kc2 Nxa2 42. Kb3 Nc3 43. Kxb4 Nd1 44. Kc4 Nxf2 45. h4 Ke7 46. Kd5 Nd1 47. f4 g6 48. Ke4 Ke6 49. Kf3 Kf5 50. Kg3 Nc3 0-1

[Event "XII. Karnevalsopen"]
[Site "Solingen"]
[Date "2023.02.18"]
[Round "2.1"]
[White "Goldenstein, Arnd"]
[Black "Jugelt, Tobias"]
[Result "0-1"]
[WhiteElo "1905"]
[BlackElo "2381"]
[PlyCount "76"]
[EventDate "2023.??.??"]
[EventType "swiss"]
[EventRounds "5"]
[EventCountry "GER"]

1. d4 d5 2. c4 e6 3. Nc3 a6 4. Nf3 dxc4 5. a4 c5 6. e3 cxd4 7. exd4 Bb4 8. Bxc4 Ne7 9. O-O O-O 10. Qb3 Qa5 11. Bg5 Nbc6 12. Rfd1 h6 13. Bxe7 Nxe7 14. d5 Bxc3 15. bxc3 exd5 16. Bxd5 Nxd5 17. Rxd5 Qc7 18. Rd3 Be6 19. Qb2 Rfe8 20. Nd4 Bc4 21. Rg3 Re5 22. Qd2 Rae8 23. f4 Re4 24. f5 Qe5 25. a5 Kf8 26. Rf3 Re1+ 27. Rxe1 Qxe1+ 28. Qxe1 Rxe1+ 29. Kf2 Ra1 30. f6 Rxa5 31. fxg7+ Kxg7 32. Nf5+ Kg6 33. Nd6 Bd5 34. Rg3+ Kf6 35. Rh3 Ra2+ 36. Ke3 Rxg2 37. Rxh6+ Rg6 38. Rh4 Kg5 0-1

[Event "XII. Karnevalsopen"]
[Site "Solingen"]
[Date "2023.02.18"]
[Round "2.2"]
[White "Michalczak, Thomas"]
[Black "Dunsche, Daniel"]
[Result "1-0"]
[WhiteElo "2254"]
[BlackElo "1906"]
[PlyCount "59"]
[EventDate "2023.??.??"]
[EventType "swiss"]
[EventRounds "5"]
[EventCountry "GER"]

1. e4 c6 2. d4 d5 3. Nc3 dxe4 4. Nxe4 Nf6 5. Qd3 Nbd7 6. Nf3 Nxe4 7. Qxe4 Nf6 8. Qf4 g6 9. Ne5 Bg7 10. Bc4 O-O 11. c3 Nd5 12. Qh4 Be6 13. Bh6 Qd6 14. Bxg7 Kxg7 15. O-O b5 16. Bxd5 Bxd5 17. Rfe1 f6 18. Nd3 g5 19. Qg4 Kg6 20. Re3 h5 21. Qe2 Rf7 22. a4 a5 23. axb5 cxb5 24. Re1 Bc4 25. Rh3 Rh8 26. Qe4+ Kg7 27. Nc5 a4 28. Qf5 h4 29. Rhe3 Rc8 30. Qxc8 1-0

[Event "XII. Karnevalsopen"]
[Site "Solingen"]
[Date "2023.02.18"]
[Round "2.3"]
[White "Naupold, Volker"]
[Black "Volkov, Mykyta"]
[Result "0-1"]
[WhiteElo "1869"]
[BlackElo "2251"]
[PlyCount "98"]
[EventDate "2023.??.??"]
[EventType "swiss"]
[EventRounds "5"]
[EventCountry "GER"]

1. e4 e6 2. Nf3 d5 3. exd5 exd5 4. d4 Nc6 5. c3 Bd6 6. Be3 Nge7 7. Be2 O-O 8. Qc2 Bf5 9. Bd3 Qd7 10. Nbd2 Rae8 11. O-O-O Bxd3 12. Qxd3 Nf5 13. Ng5 h6 14. g4 hxg5 15. gxf5 Ne7 16. Bxg5 Qxf5 17. Qxf5 Nxf5 18. Nf3 Re2 19. Rd2 Rfe8 20. Be3 Rxd2 21. Kxd2 f6 22. h4 Kf7 23. h5 Rh8 24. Kd3 Ke6 25. Bd2 g6 26. Re1+ Kf7 27. hxg6+ Kxg6 28. Rg1+ Kf7 29. Rg4 Ke6 30. Bf4 Bxf4 31. Rxf4 Rh1 32. Nd2 a5 33. c4 Ne7 34. Rf3 dxc4+ 35. Nxc4 b6 36. Re3+ Kd7 37. Ke4 Rd1 38. Rd3 f5+ 39. Kf4 Ra1 40. a3 Ke6 41. Ne3 Ng6+ 42. Kf3 Re1 43. Ng2 Rb1 44. b3 Kd6 45. a4 Rh1 46. Ne3 Rh3+ 47. Ke2 Nf4+ 48. Kd2 Nxd3 49. Kxd3 f4 0-1

[Event "XII. Karnevalsopen"]
[Site "Solingen"]
[Date "2023.02.18"]
[Round "2.4"]
[White "Marcziter, Dmitrii"]
[Black "Steinbach, Wolfgang"]
[Result "1/2-1/2"]
[WhiteElo "2235"]
[BlackElo "1886"]
[PlyCount "48"]
[EventDate "2023.??.??"]
[EventType "swiss"]
[EventRounds "5"]
[EventCountry "GER"]

1. d4 d5 2. Nf3 Nf6 3. c4 dxc4 4. g3 e6 5. Bg2 Be7 6. O-O O-O 7. Ne5 Nbd7 8. Nxc4 c6 9. e4 Nb6 10. Ne5 c5 11. Be3 cxd4 12. Bxd4 Nfd7 13. Qe2 Qc7 14. Nf3 e5 15. Be3 Qc4 16. Qd1 Qxe4 17. Nh4 Qc4 18. Nf5 Bf6 19. Nd2 Qe6 20. Qf3 e4 21. Nxe4 Ne5 22. Nxf6+ Qxf6 23. Nh6+ Qxh6 24. Qe4 Qe6 1/2-1/2

[Event "XII. Karnevalsopen"]
[Site "Solingen"]
[Date "2023.02.18"]
[Round "2.5"]
[White "Becker, Carsten"]
[Black "Scharfenberg, Michael"]
[Result "0-1"]
[WhiteElo "1847"]
[BlackElo "2169"]
[PlyCount "112"]
[EventDate "2023.??.??"]
[EventType "swiss"]
[EventRounds "5"]
[EventCountry "GER"]

1. e4 c5 2. Be2 Nc6 3. c3 e5 4. d3 d5 5. exd5 Qxd5 6. Bf3 Qd6 7. Na3 a6 8. Ne2 Nf6 9. O-O Bf5 10. Bxc6+ Qxc6 11. Ng3 Bg6 12. Qe2 Bd6 13. Nc4 O-O 14. Nxe5 Bxe5 15. Qxe5 Bxd3 16. Rd1 Bc2 17. Rd6 Rae8 18. Rxc6 Rxe5 19. Bf4 Rd5 20. Rb6 Rfd8 21. h3 R8d7 22. Kh2 h5 23. c4 Rd4 24. Be5 h4 25. Ne2 Rxc4 26. Bxf6 gxf6 27. Rxf6 Rd2 28. b3 Rb4 29. Ng1 Kg7 30. Rf3 a5 31. Rc3 Rxf2 32. Nf3 Be4 33. Kg1 Rb2 34. Rxc5 Bxf3 35. gxf3 Rf4 36. Rg5+ Kf6 37. Rxa5 Rxf3 38. Rf1 Rxf1+ 39. Kxf1 Rh2 40. Rb5 Rxa2 41. Rxb7 Rh2 42. b4 Rxh3 43. Kg2 Rb3 44. b5 Kg6 45. b6 f5 46. Rb8 Kg5 47. b7 Kf4 48. Rh8 Rb2+ 49. Kh3 Rxb7 50. Rxh4+ Kf3 51. Kh2 Rb2+ 52. Kh3 f4 53. Rg4 Rb1 54. Rg2 Rh1+ 55. Rh2 Rxh2+ 56. Kxh2 Ke2 0-1

[Event "XII. Karnevalsopen"]
[Site "Solingen"]
[Date "2023.02.18"]
[Round "2.6"]
[White "Borchert, Stephan"]
[Black "Kuehn, Viktoria"]
[Result "0-1"]
[WhiteElo "2090"]
[BlackElo "1862"]
[PlyCount "94"]
[EventDate "2023.??.??"]
[EventType "swiss"]
[EventRounds "5"]
[EventCountry "GER"]

1. e4 c6 2. d4 d5 3. e5 Bf5 4. Nf3 e6 5. Be2 c5 6. O-O Nc6 7. Re1 Qb6 8. c3 Bg4 9. Nbd2 cxd4 10. Nxd4 Bxe2 11. Qxe2 Nxd4 12. cxd4 Bb4 13. Qg4 Ne7 14. Rd1 h5 15. Qe2 Nf5 16. Nf3 Rc8 17. Rd3 Rc4 18. Qd1 Be7 19. b3 Rc6 20. h3 h4 21. Rb1 Qc7 22. Bd2 a5 23. Qe1 b6 24. a4 O-O 25. Qe2 Rc2 26. Ne1 Rc6 27. Qg4 Bb4 28. Bg5 Be7 29. Nf3 Bxg5 30. Qxg5 Qd8 31. Qf4 Qe7 32. Nh2 Rfc8 33. Nf3 Rc2 34. Rdd1 R2c3 35. Qg5 Qxg5 36. Nxg5 Rc2 37. Nf3 Kf8 38. Nh2 Ra2 39. Ng4 Rcc2 40. Rd3 Rc6 41. Kf1 Rcc2 42. Ke1 Nh6 43. Nxh6 Re2+ 44. Kd1 Rxf2 45. Rf3 Rfd2+ 46. Ke1 gxh6 47. Rc1 Rxg2 0-1

[Event "XII. Karnevalsopen"]
[Site "Solingen"]
[Date "2023.02.18"]
[Round "2.7"]
[White "Neumair, Jerome"]
[Black "Speck, Stefan"]
[Result "1/2-1/2"]
[WhiteElo "2076"]
[BlackElo "1837"]
[PlyCount "85"]
[EventDate "2023.??.??"]
[EventType "swiss"]
[EventRounds "5"]
[EventCountry "GER"]

1. d4 Nf6 2. c4 e6 3. Nc3 Bb4 4. e3 O-O 5. Bd2 b6 6. Nf3 Bb7 7. Bd3 d5 8. cxd5 exd5 9. Rc1 Nbd7 10. O-O Bxc3 11. Bxc3 Ne4 12. Qc2 c5 13. Rfd1 Rc8 14. Bxe4 dxe4 15. Ne5 Nxe5 16. dxe5 Qe7 17. Rd6 Rfd8 18. Rcd1 Rxd6 19. exd6 Qd7 20. Be5 Re8 21. Qc3 f6 22. Bf4 Rc8 23. Qc4+ Kf8 24. h3 Re8 25. Rd2 Rc8 26. a3 b5 27. Qc3 a6 28. Qa5 c4 29. Rd4 Kf7 30. Qb4 Kf8 31. Qa5 Qd8 32. Qb4 Qd7 33. Rd1 Ke8 34. Qd2 Kf7 35. Qd4 Ke8 36. Rc1 Kf7 37. Ra1 Kf8 38. Rd1 Kf7 39. Qd2 Kf8 40. Kh2 Kf7 41. Qb4 g5 42. Bg3 h5 43. Kh1 1/2-1/2

[Event "XII. Karnevalsopen"]
[Site "Solingen"]
[Date "2023.02.18"]
[Round "2.8"]
[White "Kuhn, Andreas"]
[Black "Flesch, Stefan"]
[Result "1/2-1/2"]
[WhiteElo "1838"]
[BlackElo "2049"]
[PlyCount "49"]
[EventDate "2023.??.??"]
[EventType "swiss"]
[EventRounds "5"]
[EventCountry "GER"]

1. Nf3 Nf6 2. g3 d6 3. d4 Nbd7 4. c4 e5 5. Nc3 Be7 6. Bg2 O-O 7. O-O c6 8. Qc2 Re8 9. Rd1 Qc7 10. h3 Bf8 11. e4 a6 12. a4 a5 13. Bg5 h6 14. Be3 exd4 15. Nxd4 Nc5 16. Rd2 Nfd7 17. Rad1 Na6 18. b3 g6 19. f4 Ndc5 20. Bf2 Qe7 21. g4 Qf6 22. Bg3 Nb4 23. Qb1 Ne6 24. Nce2 Nc5 25. Nc2 1/2-1/2

[Event "XII. Karnevalsopen"]
[Site "Solingen"]
[Date "2023.02.18"]
[Round "2.9"]
[White "Schwibbert, Jonas"]
[Black "Kock, Sebastian"]
[Result "1-0"]
[WhiteElo "2041"]
[BlackElo "1824"]
[PlyCount "105"]
[EventDate "2023.??.??"]
[EventType "swiss"]
[EventRounds "5"]
[EventCountry "GER"]

1. d4 Nf6 2. Nf3 g6 3. c4 Bg7 4. Nc3 O-O 5. e4 d6 6. Be2 e5 7. Be3 Nc6 8. d5 Ne7 9. Nd2 a5 10. a3 Ne8 11. b4 f5 12. f3 fxe4 13. fxe4 axb4 14. axb4 Rxa1 15. Qxa1 c6 16. Bf3 cxd5 17. cxd5 Nf6 18. O-O Ng4 19. Bxg4 Rxf1+ 20. Qxf1 Bxg4 21. Nc4 Nc8 22. Na5 Bd7 23. g3 Qc7 24. Qc4 Qxc4 25. Nxc4 Bf6 26. Na5 b6 27. Nc6 Kf7 28. Kf2 Ke8 29. Ke2 Bd8 30. Kd3 Bh3 31. Na4 Bf1+ 32. Kd2 Bc7 33. Nc3 Bd8 34. Ke1 Bg2 35. Kf2 Bh3 36. Na4 Bc7 37. Bg5 h5 38. Nc3 Kd7 39. Nb5 Bg4 40. Ke3 Bh3 41. Kf2 Bg4 42. Kg2 Be2 43. Nc3 Bd3 44. b5 Bc4 45. Kf2 Ke8 46. h3 Kd7 47. g4 hxg4 48. h4 Ke8 49. Kg3 Bd3 50. Kxg4 Bf1 51. Bf6 Bg2 52. Kg5 Kf7 53. Nb4 1-0

[Event "XII. Karnevalsopen"]
[Site "Solingen"]
[Date "2023.02.18"]
[Round "2.10"]
[White "Atali, Dogukan"]
[Black "Fichtner, Ewald"]
[Result "1/2-1/2"]
[WhiteElo "1829"]
[BlackElo "2004"]
[PlyCount "61"]
[EventDate "2023.??.??"]
[EventType "swiss"]
[EventRounds "5"]
[EventCountry "GER"]

1. e4 c6 2. Nf3 d5 3. Nc3 dxe4 4. Nxe4 Nf6 5. Qe2 Nxe4 6. Qxe4 Qd5 7. Qf4 Bf5 8. Bc4 Qe4+ 9. Qxe4 Bxe4 10. Bxf7+ Kxf7 11. Ng5+ Kg6 12. Nxe4 Nd7 13. O-O e5 14. d3 Be7 15. b3 Rhf8 16. Bb2 Rae8 17. Rae1 Bb4 18. Re2 Re6 19. a3 Ba5 20. b4 Bb6 21. Nd2 Rfe8 22. Rfe1 Kf7 23. Kf1 h6 24. Nf3 Bc7 25. Re4 g5 26. c4 a6 27. d4 exd4 28. Rxe6 Rxe6 29. Rxe6 Kxe6 30. Nxd4+ Kf7 31. Nf5 1/2-1/2

[Event "XII. Karnevalsopen"]
[Site "Solingen"]
[Date "2023.02.18"]
[Round "2.11"]
[White "Pfaar, Zeno"]
[Black "Tremoehlen, Thomas"]
[Result "1-0"]
[WhiteElo "1814"]
[BlackElo "1985"]
[PlyCount "83"]
[EventDate "2023.??.??"]
[EventType "swiss"]
[EventRounds "5"]
[EventCountry "GER"]

1. e4 c5 2. Nf3 Nc6 3. Bb5 g6 4. Bxc6 dxc6 5. d3 Qc7 6. h3 Bg7 7. O-O Nf6 8. Be3 Nd7 9. c3 e5 10. Nbd2 O-O 11. a4 b6 12. a5 Ba6 13. Nc4 Rfd8 14. Qc2 Nf8 15. b4 Bxc4 16. dxc4 cxb4 17. cxb4 Ne6 18. Rfd1 Nd4 19. Bxd4 exd4 20. axb6 Qxb6 21. Qa4 c5 22. b5 Qe6 23. Nd2 Bh6 24. Nb3 Bf8 25. Re1 Qe5 26. Nd2 Qe6 27. Qa6 Qe7 28. e5 Qc7 29. e6 Rd6 30. exf7+ Qxf7 31. Qa3 Re6 32. Rxe6 Qxe6 33. Qf3 Re8 34. Rxa7 Bd6 35. b6 Qxc4 36. g3 Qe6 37. Kg2 Rf8 38. Qe4 Qxe4+ 39. Nxe4 Bb8 40. Rd7 Rf7 41. Rd8+ Rf8 42. Nf6+ 1-0

[Event "XII. Karnevalsopen"]
[Site "Solingen"]
[Date "2023.02.18"]
[Round "2.12"]
[White "Mueller, Adrian"]
[Black "Maenken, Merlin"]
[Result "1-0"]
[WhiteElo "1980"]
[BlackElo "1768"]
[PlyCount "105"]
[EventDate "2023.??.??"]
[EventType "swiss"]
[EventRounds "5"]
[EventCountry "GER"]

1. Nf3 c5 2. c4 Nc6 3. Nc3 g6 4. b3 Bg7 5. Bb2 d6 6. e3 e5 7. Be2 Nge7 8. O-O O-O 9. d3 a6 10. a3 Rb8 11. Qc2 b5 12. cxb5 axb5 13. a4 bxa4 14. bxa4 Nb4 15. Qd2 Ba6 16. Rfb1 Nec6 17. Nb5 Qe7 18. Bf1 Bh6 19. Qd1 Bc8 20. Bc3 Bf5 21. Rb2 Nd5 22. Be1 Be6 23. Rab1 Rfd8 24. Nc3 Ndb4 25. d4 exd4 26. exd4 Bf5 27. Ra1 Bg4 28. Nb5 Bg7 29. Bxb4 Nxb4 30. Be2 Nc6 31. Ne1 Bxe2 32. Rxe2 Qf6 33. Nf3 Qf5 34. Rc1 Nxd4 35. Nfxd4 Bxd4 36. Nxd4 cxd4 37. Qxd4 Rb1 38. Ree1 Rxc1 39. Rxc1 Rc8 40. Rxc8+ Qxc8 41. h3 Qb8 {(=)} 42. a5 Qb1+ 43. Kh2 Qb5 44. Qb6 Qe5+ 45. g3 Qa1 46. a6 Kg7 47. Qb7 Qd4 48. Kg1 d5 49. a7 Qd1+ 50. Kg2 Qa4 51. a8=Q Qe4+ 52. Kh2 Qf3 53. Qb2+ 1-0

[Event "XII. Karnevalsopen"]
[Site "Solingen"]
[Date "2023.02.18"]
[Round "2.13"]
[White "Peschges, Paul"]
[Black "Langner, Jasper"]
[Result "0-1"]
[WhiteElo "1773"]
[BlackElo "1980"]
[PlyCount "46"]
[EventDate "2023.??.??"]
[EventType "swiss"]
[EventRounds "5"]
[EventCountry "GER"]

1. e4 Nf6 2. e5 Nd5 3. d4 d6 4. c4 Nb6 5. f4 dxe5 6. fxe5 Nc6 7. Be3 Bf5 8. Nc3 e6 9. Nf3 Bg4 10. Be2 Bxf3 11. gxf3 Qh4+ 12. Bf2 Qf4 13. Qc1 Qf5 14. Rg1 h6 15. Rg4 O-O-O 16. Qf4 Qc2 17. Qc1 Qf5 18. Qf4 g5 19. Qd2 Nxe5 20. Rg3 Nexc4 21. Qc1 Bd6 22. b3 Bf4 23. Qd1 Bd2+ 0-1

[Event "XII. Karnevalsopen"]
[Site "Solingen"]
[Date "2023.02.18"]
[Round "2.14"]
[White "Pauls, Wilhelm"]
[Black "Schuricht, Emil Frederick"]
[Result "1/2-1/2"]
[WhiteElo "1978"]
[BlackElo "1730"]
[PlyCount "85"]
[EventDate "2023.??.??"]
[EventType "swiss"]
[EventRounds "5"]
[EventCountry "GER"]

1. e4 c6 2. d4 d5 3. e5 Bf5 4. Ne2 e6 5. Ng3 Bg6 6. h4 h5 7. Be2 c5 8. c3 Nc6 9. Na3 Qb6 10. O-O cxd4 11. c4 Bxa3 12. cxd5 Bxb2 13. Bxb2 Qxb2 14. dxc6 bxc6 15. Nxh5 d3 16. Bf3 Bxh5 17. Bxh5 Qxe5 18. Bf3 Qd6 19. Rc1 Ne7 20. Rc3 Rxh4 21. g3 Rd4 22. Kg2 Kf8 23. Rh1 Kg8 24. Be4 Rxe4 25. Rxd3 Qb8 26. Qh5 Kf8 27. Qc5 Kg8 28. Qxe7 Qf8 29. Qb7 Rd8 30. Qxc6 {(=)} Red4 31. Rxd4 Rxd4 32. Qb7 a5 33. Rc1 g6 34. Rc8 Rd8 35. Rc7 a4 36. Qc6 a3 37. Ra7 Qb4 38. Qf3 Rf8 39. Rxa3 e5 40. Ra7 e4 41. Qf4 Qd4 42. Re7 Qd5 43. Qxe4 1/2-1/2

[Event "XII. Karnevalsopen"]
[Site "Solingen"]
[Date "2023.02.18"]
[Round "2.16"]
[White "Schmidt, Sebastian"]
[Black "Eckert, Marius"]
[Result "0-1"]
[WhiteElo "1761"]
[BlackElo "2081"]
[PlyCount "80"]
[EventDate "2023.??.??"]
[EventType "swiss"]
[EventRounds "5"]
[EventCountry "GER"]

1. e4 c5 2. Nf3 e6 3. c4 Nc6 4. Nc3 Nf6 5. d4 cxd4 6. Nxd4 Bb4 7. Nxc6 bxc6 8. a3 Bxc3+ 9. bxc3 Nxe4 10. Bd3 Nf6 11. Bg5 Qa5 12. Bxf6 gxf6 13. Qd2 Ba6 14. O-O Qg5 15. Qe2 Rg8 16. g3 h5 17. Rab1 h4 18. Rfd1 hxg3 19. fxg3 Qc5+ 20. Kh1 Ke7 21. Rd2 Qe5 22. Qd1 Rab8 23. Bh7 Rgd8 24. Rxb8 Qxb8 25. Qh5 Qe5 26. Qxe5 fxe5 27. Rb2 f5 28. Bg6 Rh8 29. h4 Bxc4 30. Kg2 Bd5+ 31. Kf2 Kd6 32. Rb7 a6 33. h5 Bc4 34. a4 c5 35. Ke3 Kc6 36. Rb2 d5 37. Rh2 d4+ 38. cxd4 cxd4+ 39. Kd2 e4 40. h6 e3+ 0-1

[Event "XII. Karnevalsopen"]
[Site "Solingen"]
[Date "2023.02.18"]
[Round "2.17"]
[White "Piekorz, Roland"]
[Black "Guelcan, Batuhan Ege"]
[Result "1-0"]
[WhiteElo "1988"]
[BlackElo "1525"]
[PlyCount "61"]
[EventDate "2023.??.??"]
[EventType "swiss"]
[EventRounds "5"]
[EventCountry "GER"]

1. c4 e5 2. Nc3 Nf6 3. g3 Nc6 4. Bg2 d6 5. Nf3 Be6 6. b3 Qd7 7. d4 Bh3 8. O-O Bxg2 9. Kxg2 exd4 10. Nxd4 Qg4 11. Nxc6 bxc6 12. e4 g6 13. f3 Qe6 14. Bb2 Bg7 15. Re1 Nd7 16. Nd5 O-O-O 17. Nf4 Qe8 18. Bxg7 Rg8 19. Bc3 g5 20. Nd3 Ne5 21. Nxe5 dxe5 22. Qe2 h5 23. Rad1 Rxd1 24. Rxd1 g4 25. Qe3 gxf3+ 26. Qxf3 h4 27. Qf5+ Kb8 28. Bxe5 hxg3 29. Bxg3 Qe7 30. Rd7 Qa3 31. Qf2 1-0

[Event "XII. Karnevalsopen"]
[Site "Solingen"]
[Date "2023.02.18"]
[Round "2.18"]
[White "Klemenz, Luca"]
[Black "Marcziter, Alex"]
[Result "1-0"]
[WhiteElo "1908"]
[BlackElo "1583"]
[PlyCount "119"]
[EventDate "2023.??.??"]
[EventType "swiss"]
[EventRounds "5"]
[EventCountry "GER"]

1. c4 e6 2. g3 f5 3. Bg2 c6 4. Nf3 d5 5. O-O Nf6 6. d3 Bd6 7. Nc3 O-O 8. e4 dxe4 9. dxe4 e5 10. Re1 fxe4 11. Ng5 Bf5 12. Ngxe4 Nxe4 13. Nxe4 Bxe4 14. Bxe4 Bc5 15. Be3 Bxe3 16. Rxe3 Qc7 17. Qd3 g6 18. Rd1 Na6 19. Qc3 Rad8 20. Rde1 Rd4 21. Bc2 Qf7 22. R1e2 Kh8 23. b3 Qf6 24. Rxe5 Rfd8 25. Re8+ Rxe8 26. Rxe8+ Kg7 27. Qe3 Rd7 28. Kg2 Nc7 29. Re4 a6 30. h4 Qf7 31. Re5 Qf6 32. h5 gxh5 33. Rxh5 h6 34. Qe4 Kh8 35. Rf5 Qe6 36. Qf4 Qd6 37. Qh4 Ne8 38. Rh5 Kg7 39. Qe4 Nf6 40. Qg6+ Kf8 41. Rxh6 Rf7 42. Rh8+ Ke7 43. Qg5 Qe6 44. Qc5+ Qd6 45. Qxd6+ Kxd6 46. Rh4 Re7 47. Kf1 Ke6 48. Rf4 Kf7 49. g4 Kg7 50. g5 Nd7 51. Rh4 Nf8 52. f4 Rf7 53. Kg2 Ng6 54. Bxg6 Kxg6 55. Kf3 Kf5 56. Rh6 Rf8 57. Rf6+ Rxf6 58. gxf6 Kxf6 59. c5 Kf5 60. Ke3 1-0

[Event "XII. Karnevalsopen"]
[Site "Solingen"]
[Date "2023.02.18"]
[Round "2.19"]
[White "Hirsch, Dominik"]
[Black "Shivkumar, Siddharth"]
[Result "1-0"]
[WhiteElo "1633"]
[BlackElo "1845"]
[PlyCount "53"]
[EventDate "2023.??.??"]
[EventType "swiss"]
[EventRounds "5"]
[EventCountry "GER"]

1. d4 c6 2. Nf3 Nf6 3. c4 d5 4. e3 e6 5. Nc3 Nbd7 6. Bd3 dxc4 7. Bxc4 b5 8. Bb3 Bb4 9. O-O O-O 10. Bc2 Bd6 11. Qd3 a5 12. Ne4 Bc7 13. Nxf6+ Nxf6 14. e4 g6 15. Bg5 e5 16. Qc3 exd4 17. Qxc6 Ra6 18. Qxb5 a4 19. e5 Ra5 20. Qc6 Bxe5 21. Nxe5 Rxe5 22. Bxf6 Re6 23. Qxe6 fxe6 24. Bxd8 Rxd8 25. Bxa4 d3 26. Rfd1 d2 27. f3 1-0